| 000 | 00411nam a2200181Ia 4500 | ||
|---|---|---|---|
| 100 | _aTrzynad Lowski// Andrezej M | ||
| 650 | _aPower electronics | ||
| 250 | _a2 | ||
| 942 | _cBK | ||
| 366 | _f20 | ||
| 654 | _apower electronics | ||
| 245 | _aIntroduction to Modern Power Electronics | ||
| 260 |
_bWiley India _c2010 |
||
| 082 |
_a621.317 _bTRZ |
||
| 300 | _a436 | ||
| 546 |
_aENGLISH _cTTL |
||
| 999 |
_c27621 _d27621 |
||